Undesirable aliens : Factors determining the distribution of three invasive bird species in Singapore /
Saved in:
| Other Authors: | , , , |
|---|---|
| Format: | Article |
| Language: | English |
| Subjects: | |
| Tags: |
Add Tag
No Tags, Be the first to tag this record!
|
| Institutions: | Thư viện Trường Đại học Đà Lạt |
|---|
| LEADER | 01062nam a2200349 4500 | ||
|---|---|---|---|
| 001 | DLU090095844 | ||
| 005 | ##20091201 | ||
| 040 | # | # | |a DLU |b eng |
| 041 | # | # | |a eng |
| 044 | # | # | |a uk |
| 245 | # | # | |a Undesirable aliens : Factors determining the distribution of three invasive bird species in Singapore / |c Haw Chuan Lim ... [et al.]. |
| 653 | # | # | |a Abundance |
| 653 | # | # | |a Acridotheres javanicus |
| 653 | # | # | |a Acridotheres tristis |
| 653 | # | # | |a Corvus splendens |
| 653 | # | # | |a Habitat association |
| 653 | # | # | |a Invasive species |
| 653 | # | # | |a Urbanization |
| 700 | # | # | |a Brook, Barry W. |
| 700 | # | # | |a Lim, Haw Chuan. |
| 700 | # | # | |a Sodhi, Navjot S. |
| 700 | # | # | |a Soh, Malcom C. K. |
| 773 | # | # | |t Journal of Tropical Ecology |g Vol. 19, part 6 (November 2003), p. 685-695 |
| 920 | # | # | |a Phòng Tạp chí -- Trung tâm Thông tin - Thư viện Trường Đại học Đà Lạt |
| 994 | # | # | |a DLU |
| 900 | # | # | |a True |
| 911 | # | # | |a Trương Bảo Trâm Anh |
| 925 | # | # | |a G |
| 926 | # | # | |a A |
| 927 | # | # | |a BB |
| 980 | # | # | |a Thư viện Trường Đại học Đà Lạt |